Statistiques concernant Pays ayant le plus de musulmans

Cliquez ici pour prendre le quiz!

Statistiques générales

  • Ce quiz a été pris 763 fois
  • Le résultat moyen est 20 sur 31

Statistiques - réponses

%PaysO% Correct
99,9%MarocO
95%
99%AlgérieO
94%
99,8%TunisieO
91%
97,1%Arabie SaouditeO
89%
94,7%EgypteO
83%
98,9%IrakO
83%
99,6%Iran
82%
98,6%Turquie
80%
96,6%LibyeO
75%
96,4%Pakistan
75%
99%YémenO
73%
99,2%MauritanieO
72%
92,8%SyrieO (Suspendue)
72%
92,4%Mali
71%
99,8%Afghanistan
70%
95,9%Senegal
70%
97%SoudanO
66%
98,3%Niger
64%
100%SomalieO
63%
98,8%JordanieO
56%
97,5%PalestineO (Non reconnu par l'ONU)
54%
96,5%Ouzbékistan
51%
93,3%Turkménistan
50%
90,4%Bangladesh
46%
96%EAU (Emirats Arabes Unis)O
43%
91,7%Kosovo
43%
98,4%Azerbaïdjan
41%
99%-100%ComoresO
38%
97%DjiboutiO
38%
98,4%Maldives
38%
95,3%Gambie
31%

Distribution des résultats

Percentile par nombre de réponses

% des personnes avec chaque résultat

Votre développement - résultats

Vous n’avez pas pris ce quiz